| 000 | 00464nam a2200193Ia 4500 | ||
|---|---|---|---|
| 005 | 20250923144426.0 | ||
| 008 | 008 250917s9999 xx 000 0 eng d | ||
| 037 | _aTextual | ||
| 040 |
_aDSWL _beng _cDSWL |
||
| 041 |
_aeng _2eng |
||
| 084 | _qDSWL | ||
| 245 | 0 |
_aIndian agricultural atlas _cby Economics and Statistics Dept. |
|
| 260 | _c1952 | ||
| 300 | _a55 p. | ||
| 365 |
_aINR _b12 |
||
| 925 | _g12 | ||
| 942 | _cTEXL | ||
| 999 |
_c1438717 _d1438717 |
||